| 000 | 00808nam a22002417a 4500 | ||
|---|---|---|---|
| 005 | 20150916150733.0 | ||
| 010 | _aB-505571 ENG-113862 | ||
| 020 |
_a9788125045014 _c895.00 |
||
| 035 | _aB-505571 | ||
| 035 | _a EN-97394 | ||
| 037 |
_adpl _bBSB/Ven |
||
| 037 | _aDBAD/PUB | ||
| 082 | _a610.954 | ||
| 245 |
_aMedical pluralism in contemporary India / _cedited by V.Sujatha [and] Leena Abraham |
||
| 260 |
_aNew Delhi _bOrient Blackswan _c2012 |
||
| 270 |
_a1/24 Asaf Ali Road _bNew Delhi _e110002 |
||
| 300 |
_axvii,387p. _c23cm(Hb) |
||
| 500 | _aIncludes bibliographical references and index | ||
| 700 | _aSujatha, V. | ||
| 700 | _aAbraham, Leena | ||
| 942 |
_2ddc _cEN _h610.954 _mMED |
||
| 999 |
_c83972 _d83972 |
||